000 01160nam a22003011 4500
001 32865
003 BD-RjUL
005 20211209051916.0
008 140428r19601941nju 000 0 eng d
035 _a(BD-RjUL)32955
040 _aDLC
_cDLC
_dDLC
_dBD-RjUL
_beng
041 1 _aengdan
082 0 0 _a201
_bKIE 1960
245 0 0 _aKierkegaard's Concluding unscientific postscript /
_ctranslated from the Danish by David F. Swenson, completed after his death and provided with introduction and notes by Walter Lowrie.
260 _aPrinceton :
_bPrinceton university press, for American Scandinavian foundation,
_c1941 [Printing 1960]
300 _axxi, 579 p. ;
_c24 cm.
504 _aIncludes Index
650 0 _aChristianity
_xPhilosophy.
_9266
650 0 _aApologetics.
_999920
700 1 _aSwenson, David F.(David Ferdinand),
_q1876-1940,
_etr.
_999921
700 1 _aLowrie, Walter,
_d1868-1959,
_eed. and tr.
_995341
710 2 _aAmerican-Scandinavian Foundation.
_999922
740 0 _aConcluding unscientific postscript.
942 _2ddc
_cBK
999 _c32865
_d32865